Estudio de factibilidad para una planta exportadora de juguetes didácticos de madera
Guardat en:
| Autor principal: | |
|---|---|
| Altres autors: | |
| Format: | Llibre |
| Publicat: |
[San José , Costa Rica]
1985
|
| Etiquetes: |
Afegir etiqueta
Sense etiquetes, Sigues el primer a etiquetar aquest registre!
|
MARC
| LEADER | 00000nam a2200000Ia 4500 | ||
|---|---|---|---|
| 003 | 002822 | ||
| 005 | 20221231144405.0 | ||
| 008 | 140114s1985 cr a m 000 ||s d | ||
| 040 | |c cru CEDI | ||
| 090 | |a TFG 1659 | ||
| 100 | |a Quesada Ramírez, Eric |9 14159 | ||
| 245 | |a Estudio de factibilidad para una planta exportadora de juguetes didácticos de madera | ||
| 260 | |c 1985 |a [San José , Costa Rica] | ||
| 300 | |a 133, 220 hojas : ilustraciones | ||
| 500 | |a Proyecto de graduación (bachiller en ingeniería industrial)--Universidad de Costa Rica. Facultad de Ingeniería. Escuela de Ingeniería Industrial | ||
| 700 | |9 14645 |a López Vargas, Mario Alberto | ||
| 942 | |c TFG | ||
| 999 | |c 21166 |d 21166 | ||
